The Middle East (Record no. 282982)
[ view plain ]
| 000 -LEADER | |
|---|---|
| fixed length control field | 00207 a2200097 4500 |
| 001 - CONTROL NUMBER | |
| control field | 47909 |
| 090 ## - LOCALLY ASSIGNED LC-TYPE CALL NUMBER (OCLC); LOCAL CALL NUMBER (RLIN) | |
| -- | 30904 |
| -- | 30904 |
| 100 ## - MAIN ENTRY--PERSONAL NAME | |
| Personal name | Hoskins, H L |
| 245 ## - TITLE STATEMENT | |
| Title | The Middle East |
| 260 ## - PUBLICATION, DISTRIBUTION, ETC. | |
| Place of publication, distribution, etc. | New York |
| Name of publisher, distributor, etc. | Macmillan |
| Date of publication, distribution, etc. | |
| 942 ## - ADDED ENTRY ELEMENTS (KOHA) | |
| Institution code [OBSOLETE] | NUST-CAE |
| Koha item type | |
| -- | |
| Withdrawn status | Lost status | Damaged status | Not for loan | Collection code | Permanent Location | Current Location | Date acquired | Total Checkouts | Barcode | Date last seen | Price effective from | Koha item type |
|---|---|---|---|---|---|---|---|---|---|---|---|---|
| College of Aeronautical Engineering (CAE) | College of Aeronautical Engineering (CAE) | 04/03/2017 | CAE3110 | 04/05/2017 | 04/05/2017 | Book |
